00374nam a2200145Ia 4500003000400000005001700004008004100021040000700062041000800069082001900077100002000096245005900116260004000175365001300215OSt20230530102457.0210423s2003 xx 000 0 und d cAL aeng a658.3 KUMH223 aKUMAR (Harish). aHuman resource management in the twenty first century. aNew DelhibAnmol Publicationsc2003 b600cINR